000 00566nam a2200205Ia 4500
005 20260122095411.0
008 260121s9999||||xx |||||||||||||| ||und||
020 _a9780367363574
082 _a305.8924
_bROS
100 _aRoss, Stephen
245 0 _aModernist world /
250 _a1st ed.
260 _aOxan :
_bRoutledge,
_c2019.
300 _axxxiiii, 615p.; pbk
650 _aEthnic groups—Social conditions
650 _aIdentity (Psychology)—Social aspects
650 _aModernity—Social aspects
700 _aLindgren, Allana C.
942 _cTB
999 _c47327
_d47327